Proceedings of the Tropical Sivilculture Workshop IUFRO Centennial Conference Berlin, 1-3 September 1992

Bibliographic Details
Corporate Authors: The TROPICAL Silviculture Workshop at the IUFRO Centennial Conference, Institut Penyelidikan Perhutanan Malaysia (FRIM)
Other Authors: Vancil, Wan Razali Wan Mohd, Wood
Format: Book
Published: Kuala Lumpur : Forest Research Institute Malaysia , 1993
Subjects:

MARC

LEADER 00000cam a2200000 7i4500
001 0000000350
005 20011204.0
020 0 0 |a 9839592203 
090 0 0 |a 634.950913   |b TRO 1993 
110 1 0 |a The TROPICAL Silviculture Workshop at the IUFRO Centennial Conference   |k 1992   |j Berlin 
245 1 0 |a Proceedings of the Tropical Sivilculture Workshop IUFRO Centennial Conference Berlin, 1-3 September 1992   |c edited by Peter J.Wood, Jerome K.Vanclay, Wan Razali Wan Mohd 
260 0 0 |a Kuala Lumpur :   |b Forest Research Institute Malaysia ,   |c 1993 
300 |a v, 148 p. ;   |c 30 cm. 
650 0 0 |a Forest management   |z Tropics   |x Congresses 
650 0 0 |a Forests and forestry   |z Tropics   |x Congresses 
650 0 0 |a Sustainable forestry   |z Tropics   |x Congresses 
700 0 1 |a Vancil   |h Jerome K. 
700 0 1 |a Wan Razali Wan Mohd. 
700 0 1 |a Wood   |h Peter J. 
710 1 1 |a Institut Penyelidikan Perhutanan Malaysia (FRIM) 
998 |a JPSM 
999 |a 0000000758   |b Monograph   |c Open Shelf   |e Default branch 
999 |a 0000001650   |b Monograph   |c Open Shelf   |e Default branch 
999 |a 0000001651   |b Monograph   |c Open Shelf   |e Default branch 
999 |a 0000005860   |b Monograph   |c Open Shelf   |e Default branch